000 01986cam a22001934a 4500
005 20250605164032.0
008 250528s ||||||||||||||||||||||||d
035 _a16680
020 _a9603510971
040 _aGR-AtMCL
_bgre
_dGR-AtMCL
_eAACR2
245 1 _aΙδιωτική Οικονομική
260 _bΣταμούλης Α,
_c1996
300 _a400
520 _aΠρόλογος, Αντικείμενο της Ιδιωτικής Οικονομικής, Εσωτερική και Εξωτερική Χρηματοδότηση της Επιχείρησης, Η Ρευστότητα των Επιχειρήσεων, Δείκτες Διάρθρωσης Κεφαλαίου και Δραστηριότητας και Αποδοτικότητας Κεφαλαίου, Διάρθρωση της Αγοράς και Θεωρία Τιμών, Τεχνικές Αριστοποίησης, Χρηματοοικονομικός Προγραμματισμός της Επιχείρησης, Τεχνικές των Προγνώσεων, Ανάλυση Κινδύνου Επιχειρήσεων, Θεωρία Ζήτησης, Το Νεκρό Σημείο της Δραστηριότητας της Επιχείρησης, Το Ταμιακό Πρόγραμμα σε Συνδυασμό με τα άλλα Βραχυχρόνια Προγράμματα της Επιχείρησης, Θεωρίας Κόστους, Έννοια και Προσδιοριστικοί Παράγοντες Αύξησης της Παραγωγικότητας - Οικονομικότητα και Αποδοτικότητα, Χρηματιστήριο και Χρηματιστιριακές Συναλλαγές, Προγραμματισμός - Εναλλακτικές Στρατηγικές, Γραμμικός Προγραμματισμός, Θεωρία Παραγωγής, Βιβλιογραφία.
700 1 _aΚιόχος Πέτρος Απ
_92769
942 _cBK
999 _c2155
_d2155